[Event "Messina op-B 1st"]
[Site "Messina"]
[Date "2011.08.28"]
[Round "1"]
[White "Borrello, Massimiliano"]
[Black "Guttarolo, Giovanni"]
[Result "1-0"]
[WhiteElo "1545"]
[BlackElo "1316"]
[PlyCount "61"]
[EventDate "2011.08.28"]
[EventType "swiss"]
[EventRounds "3"]
[EventCountry "ITA"]
[SourceTitle "EXT 2024"]
[Source "ChessBase"]
[SourceDate "2023.10.10"]
[SourceVersion "1"]
[SourceVersionDate "2023.10.10"]
[SourceQuality "1"]

1. e4 e6 2. Nf3 d5 3. e5 c5 4. d4 cxd4 5. Nxd4 Nd7 6. Bb5 Qb6 7. 0-0 Bc5 8. c3 Ne7 9. Qa4 a6 10. Bd3 0-0 11. Nf3 Ng6 12. Qc2 Qc7 13. Re1 b5 14. Be3 Bb7 15. Nbd2 Rac8 16. Rac1 Qb8 17. Qb1 f5 18. exf6 Nxf6 19. Bxc5 Rxc5 20. Rxe6 Nf4 21. Re7 Nxd3 22. Qxd3 b4 23. Ng5 g6 24. Ne6 Ng4 25. Qh3 Rf7 26. Rxf7 Kxf7 27. Nxc5 Nf6 28. Qe6+ Kg7 29. Qe7+ Kh6 30. Qxf6 bxc3 31. Ne6 1-0